[Event "2.BLN 1617 Glückauf Rüdersd - SK Nord"]
[Site "?"]
[Date "2017.02.05"]
[Round "5.8"]
[White "Szyszylo, Rafal"]
[Black "Polischuk, Viktor"]
[Result "1/2-1/2"]
[WhiteElo "2221"]
[BlackElo "2295"]
[PlyCount "57"]
[EventDate "2017.??.??"]

1. e4 c5 2. Nf3 e6 3. d4 cxd4 4. Nxd4 Nf6 5. Nc3 Nc6 6. Ndb5 Bb4 7. a3 Bxc3+ 8.
Nxc3 d5 9. exd5 exd5 10. Bd3 O-O 11. O-O d4 12. Ne2 Bg4 13. f3 Bh5 14. Nf4 Bg6
15. Nxg6 hxg6 16. f4 Qd6 17. f5 gxf5 18. Rxf5 Rae8 19. Bf4 Qe6 20. Qf3 Ne7 21.
Rg5 Ng6 22. Bxg6 fxg6 23. Qd3 Ne4 24. Re5 Qc6 25. Qb3+ Kh7 26. Qh3+ Kg8 27.
Qb3+ Kh7 28. Qh3+ Kg8 29. Qb3+ 1/2-1/2

[Event "2.BLN 1617 HSK Lister Turm - SK Norders"]
[Site "?"]
[Date "2017.02.19"]
[Round "6.1"]
[White "Trent, Lawrence"]
[Black "Schneider, Ilja"]
[Result "1/2-1/2"]
[WhiteElo "2453"]
[BlackElo "2517"]
[PlyCount "28"]
[EventDate "2017.??.??"]

1. e4 e5 2. Nf3 d6 3. d4 exd4 4. Nxd4 Nf6 5. Nc3 Be7 6. g3 O-O 7. Bg2 Nc6 8.
Nxc6 bxc6 9. O-O Bg4 10. Qd3 Qd7 11. Be3 Bh3 12. Bd4 Bxg2 13. Kxg2 c5 14. Bxf6
Bxf6 1/2-1/2

[Event "2.BLN 1617 HSK Lister Turm - SK Norders"]
[Site "?"]
[Date "2017.02.19"]
[Round "6.2"]
[White "Buchenau, Frank"]
[Black "Ostrovskiy, Andrey"]
[Result "0-1"]
[WhiteElo "2275"]
[BlackElo "2444"]
[PlyCount "128"]
[EventDate "2017.??.??"]

1. e4 e5 2. Nf3 Nc6 3. Bc4 Bc5 4. c3 Nf6 5. d3 a6 6. O-O d6 7. Bb3 h6 8. d4 Ba7
9. dxe5 Nxe5 10. Nxe5 dxe5 11. Qxd8+ Kxd8 12. Nd2 Ke7 13. Nc4 Nxe4 14. Nxe5 Kf6
15. Nc4 Be6 16. Bf4 Rhe8 17. Be3 Bxe3 18. Nxe3 Bxb3 19. axb3 Rad8 20. Rfd1 Nd2
21. b4 h5 22. Re1 Re6 23. h3 g6 24. f3 c5 25. bxc5 Nb3 26. Ra3 Nxc5 27. c4 Rd2
28. b4 Nd3 29. Nd5+ Kg7 30. Re4 h4 31. Ra1 Rxe4 32. fxe4 Rb2 33. c5 Nxb4 34.
Nxb4 Rxb4 35. c6 bxc6 36. Rxa6 Rc4 37. Kf2 Rc3 38. e5 g5 39. Ra7 Kg6 40. Rd7
Kf5 41. Rxf7+ Kxe5 42. Re7+ Kd6 43. Re4 Rg3 44. Re2 c5 45. Ke1 Kd5 46. Kd2 Kd4
47. Kc2 c4 48. Rd2+ Rd3 49. Re2 Ra3 50. Kb2 Rg3 51. Kc2 Kc5 52. Kb2 Kb4 53. Rf2
Re3 54. Kc2 Re1 55. Kd2 Ra1 56. Ke3 Ra3+ 57. Kd4 Rd3+ 58. Ke4 Rg3 59. Kd4 Kb3
60. Rf5 c3 61. Rb5+ Kc2 62. Rf5 Kd1 63. Rf1+ Ke2 64. Rc1 Kd2 0-1

[Event "2.BLN 1617 HSK Lister Turm - SK Norders"]
[Site "?"]
[Date "2017.02.19"]
[Round "6.3"]
[White "Kopylov, Michael"]
[Black "Voege, Tobias"]
[Result "1-0"]
[WhiteElo "2429"]
[BlackElo "2260"]
[PlyCount "51"]
[EventDate "2017.??.??"]

1. d4 Nf6 2. c4 e6 3. Nf3 b6 4. g3 Bb7 5. Bg2 Be7 6. O-O O-O 7. d5 exd5 8. Nh4
c6 9. cxd5 Nxd5 10. Nf5 Nc7 11. Nc3 d5 12. e4 Kh8 13. exd5 cxd5 14. Re1 Bf6 15.
Bf4 Nba6 16. Nd6 Bc6 17. Nxd5 Nxd5 18. Bxd5 Bxd5 19. Qxd5 Qd7 20. Rad1 h6 21.
Qh5 Bxb2 22. Nc4 Qa4 23. Nxb2 Qxa2 24. Bxh6 gxh6 25. Qxh6+ Kg8 26. Qg5+ 1-0

[Event "2.BLN 1617 HSK Lister Turm - SK Norders"]
[Site "?"]
[Date "2017.02.19"]
[Round "6.4"]
[White "Petkidis, Anthony"]
[Black "Krause, Benedict"]
[Result "0-1"]
[WhiteElo "2270"]
[BlackElo "2407"]
[PlyCount "118"]
[EventDate "2017.??.??"]

1. e4 c5 2. Nf3 e6 3. d4 cxd4 4. Nxd4 Nc6 5. Nc3 Qc7 6. Be3 a6 7. Bd3 Nf6 8.
O-O Nxd4 9. Bxd4 Bc5 10. Bxc5 Qxc5 11. Kh1 O-O 12. f4 d6 13. Qe1 e5 14. Qh4
exf4 15. Nd5 Nxd5 16. exd5 g6 17. Rxf4 Qxd5 18. Bc4 Qe5 19. Re1 g5 20. Rxe5
gxh4 21. Rg5+ Kh8 22. Rxh4 Be6 23. Rgh5 Bxc4 24. Rxh7+ Kg8 25. Rh8+ Kg7 26.
Rxf8 Rxf8 27. Rxc4 Re8 28. Kg1 Re2 29. Kf1 Rd2 30. a4 b5 31. axb5 axb5 32. Rc6
b4 33. h4 b3 34. cxb3 Rxb2 35. Rc3 f5 36. g3 Kf6 37. Ke1 d5 38. Kd1 d4 39. Rf3
Ke5 40. Kc1 Rg2 41. b4 Ke4 42. Rf4+ Ke3 43. Rxf5 Rg1+ 44. Kb2 d3 45. Re5+ Kd4
46. Re8 d2 47. Rd8+ Ke3 48. Re8+ Kf3 49. Rf8+ Ke4 50. Re8+ Kf5 51. g4+ Kf6 52.
g5+ Kf7 53. Rd8 d1=Q 54. Rxd1 Rxd1 55. Kc3 Rh1 56. Kc4 Ke6 57. Kc5 Rxh4 58. b5
Kd7 59. Kb6 Kc8 0-1

[Event "2.BLN 1617 HSK Lister Turm - SK Norders"]
[Site "?"]
[Date "2017.02.19"]
[Round "6.5"]
[White "Powierski, Emil"]
[Black "Hoerstmann, Martin"]
[Result "1/2-1/2"]
[WhiteElo "2317"]
[BlackElo "2259"]
[PlyCount "168"]
[EventDate "2017.??.??"]

1. e4 g6 2. d4 Bg7 3. Nc3 d6 4. f4 a6 5. Nf3 b5 6. Bd3 Nd7 7. a4 b4 8. Ne2 Ngf6
9. c3 bxc3 10. bxc3 c5 11. e5 Ng4 12. O-O O-O 13. h3 Nh6 14. g4 cxd4 15. cxd4
dxe5 16. fxe5 Nb6 17. Be4 Ra7 18. Bg5 f5 19. exf6 exf6 20. Qb3+ Kh8 21. a5 Nd7
22. Bh4 Qe7 23. Nc3 Bb7 24. Bxb7 Rb8 25. Rae1 Qf8 26. Qd5 Rbxb7 27. Ng5 Qc8 28.
Nge4 Rb8 29. Na4 f5 30. Nd6 Qc2 31. Nc5 Qc3 32. Bf2 Qxh3 33. g5 Qg4+ 34. Qg2
Bxd4 35. Ne6 Qxg2+ 36. Kxg2 Bxf2 37. Rxf2 Ng4 38. Rc2 Nde5 39. Rc3 Rd7 40. Nc4
Nxc4 41. Rxc4 Rd5 42. Rc7 Rxa5 43. Rec1 Ra2+ 44. Kg1 h6 45. Rc8+ Rxc8 46. Rxc8+
Kh7 47. Rc7+ Kg8 48. gxh6 Nxh6 49. Rg7+ Kh8 50. Rxg6 Ng4 51. Nd4 Kh7 52. Re6
Ra5 53. Nxf5 Rxf5 54. Rxa6 Nf6 55. Ra2 Ne4 56. Ra6 Kg7 57. Kg2 Kf7 58. Rb6 Ke7
59. Rb3 Ke6 60. Rb8 Kd5 61. Rb5+ Nc5 62. Rb8 Kd4 63. Kg3 Rf7 64. Ra8 Ke3 65.
Kg4 Rf4+ 66. Kg5 Ne6+ 67. Kg6 Ke4 68. Ra1 Rf2 69. Ra4+ Kd5 70. Ra5+ Nc5 71. Ra1
Ke6 72. Re1+ Kd6 73. Ra1 Ke5 74. Ra5 Rf6+ 75. Kg5 Rc6 76. Rb5 Rc8 77. Kg4 Ke4
78. Rb4+ Kd5 79. Rb1 Rf8 80. Ra1 Nd3 81. Ra5+ Ke4 82. Ra4+ Ke3 83. Kg5 Rf1 84.
Ra8 Ke4 1/2-1/2

[Event "2.BLN 1617 HSK Lister Turm - SK Norders"]
[Site "?"]
[Date "2017.02.19"]
[Round "6.6"]
[White "Hoerstmann, Rudi"]
[Black "Polischuk, Viktor"]
[Result "1/2-1/2"]
[WhiteElo "2257"]
[BlackElo "2295"]
[PlyCount "162"]
[EventDate "2017.??.??"]

1. d4 Nf6 2. c4 c5 3. d5 b5 4. cxb5 a6 5. bxa6 g6 6. Nc3 Bxa6 7. Nf3 d6 8. e4
Bxf1 9. Kxf1 Bg7 10. g3 O-O 11. Kg2 Nbd7 12. a4 Ra6 13. Qc2 Qa8 14. Ra3 e6 15.
dxe6 fxe6 16. Re1 d5 17. exd5 exd5 18. Nb5 Qb7 19. Ng5 Ng4 20. Bf4 Nge5 21.
Bxe5 Nxe5 22. Rxe5 Bxe5 23. Qxc5 Bxb2 24. Rd3 Bf6 25. Qxd5+ Qxd5+ 26. Rxd5 Bxg5
27. Rxg5 Rxa4 28. Nc3 Rc4 29. Ne2 Rf5 30. Rxf5 gxf5 31. Nf4 Kf7 32. Kf3 Rc3+
33. Kg2 Ra3 34. Nd5 Ke6 35. Ne3 Rb3 36. Kf3 Ke5 37. Kg2 Ke4 38. Nf1 Rb2 39. Ne3
f4 40. gxf4 Kxf4 41. Nd5+ Ke5 42. Ne3 Ke4 43. Kg3 Rb6 44. Kg4 Rg6+ 45. Kh5 Kf3
46. Nf5 Kxf2 47. Nh6 Kf3 48. Nf7 Kf4 49. h4 Kf5 50. Ng5 Ra6 51. Nxh7 Rb6 52.
Ng5 Rb7 53. Kh6 Kg4 54. Kg6 Rb6+ 55. Kf7 Kf5 56. Ke7 Rb4 57. Kd6 Rd4+ 58. Ke7
Ra4 59. Nf7 Ra7+ 60. Ke8 Kf6 61. Nd8 Rh7 62. h5 Rxh5 63. Kd7 Rh1 64. Nc6 Rd1+
65. Kc7 Ke6 66. Nd8+ Kd5 67. Kd7 Rh1 68. Ke7 Rh6 69. Nf7 Re6+ 70. Kd7 Ra6 71.
Ke7 Ke4 72. Nd6+ Kd5 73. Nf7 Rb6 74. Nd8 Rb8 75. Kd7 Ra8 76. Ke7 Ra7+ 77. Kf6
Ke4 78. Nf7 Kf4 79. Ke6 Ra6+ 80. Nd6 Rb6 81. Kd5 Rxd6+ 1/2-1/2

[Event "2.BLN 1617 HSK Lister Turm - SK Norders"]
[Site "?"]
[Date "2017.02.19"]
[Round "6.7"]
[White "Michna, Christian"]
[Black "Gentemann, Moritz"]
[Result "1-0"]
[WhiteElo "2259"]
[BlackElo "2196"]
[PlyCount "87"]
[EventDate "2017.??.??"]

1. e4 c5 2. b3 d6 3. Bb2 Nf6 4. Bb5+ Bd7 5. Bxd7+ Qxd7 6. d3 g6 7. Nc3 Bg7 8.
Nd5 e5 9. Nxf6+ Bxf6 10. Ne2 O-O 11. O-O Nc6 12. f4 d5 13. exd5 Qxd5 14. f5 Bh8
15. Ng3 f6 16. Qg4 Ne7 17. Rae1 Bg7 18. Rf2 Rad8 19. Ref1 b5 20. Qe2 Qc6 21. c4
a6 22. Qe3 Rc8 23. h4 Rc7 24. h5 gxh5 25. Nxh5 Bh8 26. Qh6 Kf7 27. Qxh7+ Ke8
28. Ng3 Nc8 29. Qh5+ Kd8 30. Qf3 Qd7 31. Bc1 Bg7 32. Be3 Rh8 33. Ne4 Qe7 34.
cxb5 axb5 35. Rc2 Bf8 36. Rxc5 Rxc5 37. Nxc5 Qh7 38. Ne6+ Ke8 39. Qc6+ Kf7 40.
Nxf8 Qh2+ 41. Kf2 Rxf8 42. Qe6+ Kg7 43. Rc1 Qh4+ 44. Kg1 1-0

[Event "2.BLN 1617 HSK Lister Turm - SK Norders"]
[Site "?"]
[Date "2017.02.19"]
[Round "6.8"]
[White "Virag, Attila Aba"]
[Black "Kahlert, Thomas"]
[Result "1/2-1/2"]
[WhiteElo "2267"]
[BlackElo "2244"]
[PlyCount "91"]
[EventDate "2017.??.??"]

1. e4 e5 2. Nf3 Nc6 3. Bb5 a6 4. Ba4 Nf6 5. d3 d6 6. c3 g6 7. O-O Bg7 8. Re1
O-O 9. Nbd2 b5 10. Bc2 Nb8 11. d4 Nbd7 12. dxe5 dxe5 13. a4 Bb7 14. Qe2 c6 15.
Nb3 Qc7 16. Rd1 Rfe8 17. Bg5 h6 18. Be3 Kh7 19. Nfd2 Bf8 20. f3 Nh5 21. axb5
cxb5 22. Na5 Bc5 23. Nf1 Nf4 24. Qf2 Bxe3 25. Nxe3 Rad8 26. Kh1 Nc5 27. Nxb7
Qxb7 28. Ng4 Qe7 29. g3 h5 30. Ne3 Nfd3 31. Bxd3 Rxd3 32. Nd5 Qd6 33. Rxd3 Nxd3
34. Qa7 Kg7 35. Rxa6 Qc5 36. Qxc5 Nxc5 37. Ra7 Nd3 38. Rb7 Nxb2 39. Rxb5 Nd3
40. Kg2 Ra8 41. Nb4 Nxb4 42. cxb4 Ra2+ 43. Kh3 Rf2 44. Rxe5 Rxf3 45. Kg2 Rb3
46. b5 1/2-1/2

[Event "2.BLN 1617 Turm Kiel - Glückauf Rüder"]
[Site "?"]
[Date "2017.02.19"]
[Round "6.1"]
[White "Kanarek, Marcel"]
[Black "Glud, Jakob Vang"]
[Result "1-0"]
[WhiteElo "2507"]
[BlackElo "2518"]
[PlyCount "80"]
[EventDate "2017.??.??"]

1. e4 e5 2. Nf3 Nc6 3. Bb5 a6 4. Ba4 Nf6 5. O-O Be7 6. Re1 b5 7. Bb3 d6 8. c3
O-O 9. h3 Nb8 10. d4 Nbd7 11. Nbd2 Bb7 12. Bc2 Re8 13. Nf1 Bf8 14. Ng3 g6 15.
Bg5 Bg7 16. Qe2 Qe7 17. a4 Qf8 18. Bd3 c6 19. Qc2 Rac8 20. axb5 cxb5 21. d5 Bh6
22. Bxh6 Qxh6 23. Nd2 Rc7 24. Nb3 Bc8 25. Na5 Nc5 26. Bf1 Bd7 27. b4 Na4 28. c4
Rec8 29. Qb3 Nb6 30. c5 dxc5 31. d6 Ra7 32. Qc3 cxb4 33. Qxe5 Ne8 34. Qd4 Rb8
35. e5 Rba8 36. Ne4 Na4 37. Qxb4 Qh5 38. Qd4 Kf8 39. Re3 Kg8 40. Nb3 Bc6 1-0

[Event "2.BLN 1617 Turm Kiel - Glückauf Rüder"]
[Site "?"]
[Date "2017.02.19"]
[Round "6.2"]
[White "Pakleza, Zbigniew"]
[Black "Janaszak, Dawid"]
[Result "1-0"]
[WhiteElo "2488"]
[BlackElo "2389"]
[PlyCount "34"]
[EventDate "2017.??.??"]

1. d4 d5 2. Bf4 Nf6 3. e3 c5 4. c3 Nc6 5. Nd2 e6 6. Ngf3 Be7 7. Bd3 O-O 8. Ne5
Nd7 9. h4 f5 10. Ndf3 Ndxe5 11. dxe5 c4 12. Be2 b5 13. a3 a5 14. Nd4 Qb6 15. g4
Kh8 16. Rg1 Nxd4 17. exd4 Rf7 1-0

[Event "2.BLN 1617 Turm Kiel - Glückauf Rüder"]
[Site "?"]
[Date "2017.02.19"]
[Round "6.4"]
[White "Hoi, Carsten"]
[Black "Wlodarczyk, Oskar"]
[Result "1/2-1/2"]
[WhiteElo "2369"]
[BlackElo "2285"]
[PlyCount "37"]
[EventDate "2017.??.??"]

1. d4 Nf6 2. c4 g6 3. Nc3 d5 4. Nf3 Bg7 5. cxd5 Nxd5 6. e4 Nxc3 7. bxc3 c5 8.
Be3 Qa5 9. Qd2 Nc6 10. Rc1 cxd4 11. cxd4 Qxd2+ 12. Kxd2 O-O 13. Bb5 f5 14. exf5
Rxf5 15. Bxc6 bxc6 16. Rxc6 Bb7 17. Rc7 Bxf3 18. gxf3 Bf6 19. Rb1 1/2-1/2

[Event "2.BLN 1617 Turm Kiel - Glückauf Rüder"]
[Site "?"]
[Date "2017.02.19"]
[Round "6.5"]
[White "Sroczynski, Maciej"]
[Black "Bromann, Thorbjorn"]
[Result "1/2-1/2"]
[WhiteElo "2294"]
[BlackElo "2394"]
[PlyCount "36"]
[EventDate "2017.??.??"]

1. d4 e6 2. c4 Bb4+ 3. Bd2 c5 4. Bxb4 cxb4 5. e4 d5 6. Nd2 Nc6 7. Ngf3 Nge7 8.
Be2 O-O 9. O-O b6 10. Rc1 dxe4 11. Nxe4 Bb7 12. Qd3 Nf5 13. Rfd1 Qe7 14. Ng3
Nxg3 15. hxg3 Rfd8 16. Qe3 Rd6 17. Rd2 Rad8 18. Rcd1 Qd7 1/2-1/2

[Event "2.BLN 1617 Turm Kiel - Glückauf Rüder"]
[Site "?"]
[Date "2017.02.19"]
[Round "6.6"]
[White "Berg, Klaus"]
[Black "Szyszylo, Rafal"]
[Result "0-1"]
[WhiteElo "2347"]
[BlackElo "2221"]
[PlyCount "144"]
[EventDate "2017.??.??"]

1. g3 g6 2. Bg2 Bg7 3. e4 d6 4. d4 Nf6 5. Ne2 O-O 6. O-O Nbd7 7. Nbc3 e5 8. h3
c6 9. a4 Re8 10. Be3 Qe7 11. g4 h5 12. g5 Nh7 13. Qd2 exd4 14. Nxd4 Ne5 15. b3
c5 16. Nd5 Qd8 17. Nb5 Bxh3 18. Nxd6 Bxg2 19. Kxg2 Qd7 20. f3 Re6 21. Nb5 a6
22. Nbc7 Rd8 23. Rad1 Rc6 24. Ne7+ Qxe7 25. Qxd8+ Bf8 26. Qxe7 Bxe7 27. Nd5 Bf8
28. f4 Ng4 29. Bc1 c4 30. b4 c3 31. Rf3 Rc4 32. Rxc3 Rxe4 33. Rc8 Re2+ 34. Kf1
Re4 35. Rd3 f6 36. Bb2 fxg5 37. fxg5 Nxg5 38. Rg3 Kf7 39. Bc1 Bd6 40. Rg2 Nf3
41. Re2 Nfh2+ 42. Rxh2 Nxh2+ 43. Kg2 Re2+ 44. Kh3 Nf3 45. Bf4 Ng1+ 46. Kg3 h4+
47. Kxh4 Re4 48. Kg3 Rxf4 49. Nxf4 Ne2+ 50. Kg4 Nxf4 51. c4 Nd3 52. c5 Be7 53.
b5 Bxc5 54. bxa6 bxa6 55. a5 Ke6 56. Rc6+ Bd6 57. Kg5 Kd5 58. Rc8 Nc5 59. Kxg6
Be5 60. Kf5 Bc3 61. Kf4 Bxa5 62. Ke3 Bb4 63. Ke2 Kd6 64. Kd1 Na4 65. Rb8 a5 66.
Kc1 Nc3 67. Ra8 a4 68. Kd2 a3 69. Rxa3 Bxa3 70. Kd3 Bb4 71. Kd2 Ba5 72. Ke3
Bb6+ 0-1

[Event "2.BLN 1617 Turm Kiel - Glückauf Rüder"]
[Site "?"]
[Date "2017.02.19"]
[Round "6.7"]
[White "Siwiec, Arkadiusz"]
[Black "Boe, Mads"]
[Result "1/2-1/2"]
[WhiteElo "2192"]
[BlackElo "2325"]
[PlyCount "118"]
[EventDate "2017.??.??"]

1. e4 c6 2. d4 d5 3. Nc3 dxe4 4. Nxe4 Bf5 5. Ng3 Bg6 6. h4 h6 7. Nf3 Nf6 8. h5
Bh7 9. Bd3 Bxd3 10. Qxd3 e6 11. Bd2 c5 12. Ne4 Nc6 13. Nxc5 Bxc5 14. dxc5 Qxd3
15. cxd3 O-O-O 16. Ke2 Rd5 17. Be3 Rhd8 18. Rad1 Nxh5 19. g4 Nf6 20. g5 hxg5
21. Nxg5 Nd4+ 22. Kf1 Rf8 23. Ne4 Nf5 24. Nxf6 gxf6 25. b4 Rfd8 26. Rh7 R8d7
27. Ke2 Kc7 28. Rh8 a6 29. a4 Nd4+ 30. Kd2 a5 31. Kc3 axb4+ 32. Kxb4 Nc6+ 33.
Kc3 Ne5 34. d4 Nc6 35. Bf4+ e5 36. dxe5 Rxc5+ 37. Kb2 fxe5 38. Rxd7+ Kxd7 39.
Be3 Rc4 40. Kb3 Rb4+ 41. Ka3 b5 42. axb5 Rxb5 43. Rh6 Ne7 44. Rb6 Rxb6 45. Bxb6
Kc6 46. Ba7 Kd5 47. Kb3 Ke4 48. Kc3 Kf3 49. Kd2 f5 50. Ke1 e4 51. Kf1 f4 52.
Bb6 Nd5 53. Ba7 Kg4 54. Bc5 Kh3 55. Bd6 Kh2 56. Ke2 Kg2 57. Bxf4 Nxf4+ 58. Ke3
Nh3 59. Kxe4 Kxf2 1/2-1/2

[Event "2.BLN 1617 Hamburger SK - SK Zehlendorf"]
[Site "?"]
[Date "2017.02.19"]
[Round "6.1"]
[White "Meister, Jakob"]
[Black "Bracker, Frank"]
[Result "1/2-1/2"]
[WhiteElo "2432"]
[BlackElo "2412"]
[PlyCount "53"]
[EventDate "2017.??.??"]

1. d4 Nf6 2. Bf4 e6 3. e3 d5 4. c4 Be7 5. Nc3 O-O 6. Bd3 c5 7. dxc5 Bxc5 8. Nf3
Nc6 9. O-O a6 10. cxd5 exd5 11. Ne5 Nb4 12. Rc1 Nxd3 13. Nxd3 Ba7 14. Bg5 Bf5
15. Bxf6 Qxf6 16. Nxd5 Qg5 17. N3f4 Rad8 18. Qb3 b5 19. Rfd1 Bg4 20. Rd2 Bb8
21. Kf1 Qh4 22. h3 Bxf4 23. exf4 Be6 24. Rcd1 Rxd5 25. Rxd5 Qxf4 26. Kg1 g6 27.
Qd3 1/2-1/2

[Event "2.BLN 1617 Hamburger SK - SK Zehlendorf"]
[Site "?"]
[Date "2017.02.19"]
[Round "6.2"]
[White "Colpe, Malte"]
[Black "Malek, Daniel"]
[Result "1-0"]
[WhiteElo "2408"]
[BlackElo "2415"]
[PlyCount "99"]
[EventDate "2017.??.??"]

1. d4 Nf6 2. c4 e6 3. g3 d5 4. Nf3 Bb4+ 5. Bd2 Be7 6. Bg2 O-O 7. O-O c6 8. Qc2
Nbd7 9. Bf4 b6 10. cxd5 cxd5 11. Ne5 Nxe5 12. Bxe5 Bb7 13. Nc3 Rc8 14. Qb3 Qd7
15. Rfd1 Ne8 16. e4 dxe4 17. d5 e3 18. dxe6 exf2+ 19. Kxf2 Bc5+ 20. Ke1 Qe7 21.
Rd7 Bxg2 22. Rxe7 Bxe7 23. Rd1 Rc5 24. Bd4 Rc6 25. exf7+ Rxf7 26. Rd2 Bf3 27.
Rf2 Kf8 28. Ne2 Bh5 29. Qd5 Rxf2 30. Bxf2 Rh6 31. Be3 Bf7 32. Qa8 Rxh2 33. Bg1
Rh6 34. Qxa7 Re6 35. Kd2 Rd6+ 36. Ke1 Re6 37. Bxb6 Nd6 38. Qb8+ Be8 39. Bc5 Kf7
40. Kd1 Re5 41. Qb3+ Kf8 42. Nf4 Bb5 43. a4 g5 44. axb5 gxf4 45. Bxd6 Bxd6 46.
gxf4 Re7 47. f5 Kg7 48. Qd5 Be5 49. b6 Bxb2 50. Qg2+ 1-0

[Event "2.BLN 1617 Hamburger SK - SK Zehlendorf"]
[Site "?"]
[Date "2017.02.19"]
[Round "6.3"]
[White "Lagunow, Raphael"]
[Black "Fuchs, Judith"]
[Result "1-0"]
[WhiteElo "2268"]
[BlackElo "2269"]
[PlyCount "125"]
[EventDate "2017.??.??"]

1. Nf3 Nf6 2. c4 g6 3. Nc3 Bg7 4. e4 d6 5. d4 O-O 6. h3 e5 7. d5 Na6 8. Be3 Nc5
9. Nd2 a5 10. g4 c6 11. Be2 a4 12. g5 Nfd7 13. h4 Qa5 14. a3 Rb8 15. h5 cxd5
16. Nxd5 Re8 17. Kf1 Ne6 18. hxg6 fxg6 19. c5 Ndxc5 20. Nc4 Qd8 21. Nxd6 Rf8
22. Bc4 Kh8 23. Nxc8 Rxc8 24. Qg4 b5 25. Bxc5 bxc4 26. Bxf8 Nxf8 27. Rd1 Qe8
28. Rh3 Rb8 29. Nb4 Ne6 30. Qh4 Qg8 31. Nc6 Re8 32. Rd7 Nf8 33. Rd8 Qe6 34.
Rxe8 Qxe8 35. Nb4 Qd7 36. Rc3 Qd1+ 37. Kg2 Ne6 38. Nd5 Qe2 39. Re3 Qxb2 40. Qg4
Nf8 41. Qc8 Qc1 42. Nb6 c3 43. Qxc3 Qd1 44. Qc4 Qd8 45. Nxa4 Qxg5+ 46. Rg3 Qe7
47. Nc5 Bh6 48. a4 Bf4 49. Rb3 Qg5+ 50. Kf1 Qh5 51. Qd3 Qh1+ 52. Ke2 Kg7 53.
Rb1 Qh4 54. a5 Qg4+ 55. Kf1 Qc8 56. Rb5 h5 57. a6 h4 58. a7 h3 59. Rb7+ Kf6 60.
Rb8 Qxc5 61. a8=Q Qc1+ 62. Ke2 Ne6 63. Rb6 1-0

[Event "2.BLN 1617 Hamburger SK - SK Zehlendorf"]
[Site "?"]
[Date "2017.02.19"]
[Round "6.4"]
[White "Kramer, Julian"]
[Black "Lagunow, Alexander"]
[Result "1-0"]
[WhiteElo "2312"]
[BlackElo "2423"]
[PlyCount "99"]
[EventDate "2017.??.??"]

1. d4 Nf6 2. c4 e6 3. Nf3 d5 4. Nc3 Be7 5. e3 O-O 6. Bd3 dxc4 7. Bxc4 c5 8. O-O
Nc6 9. a3 cxd4 10. exd4 b6 11. Re1 Bb7 12. Bd3 Rc8 13. Bc2 Qd6 14. Qd3 g6 15.
Bg5 Nd5 16. Ne4 Qc7 17. Rac1 Rfd8 18. Bb3 Bxg5 19. Nfxg5 Kg7 20. Ng3 Nf4 21.
Qe3 Qb8 22. Nf3 Na5 23. Rxc8 Rxc8 24. Ba2 Rc2 25. Ne5 Nxg2 26. Nh5+ Kf8 27.
Qh6+ Ke8 28. Ng7+ Kf8 29. Nd7+ Ke7 30. Nxb8 Nxe1 31. d5 Nd3 32. Nxe6 fxe6 33.
Qg7+ Ke8 34. Nd7 Rc1+ 35. Kg2 Nf4+ 36. Kf3 Nxd5 37. Bxd5 Bxd5+ 38. Kg3 Kd8 39.
Nf6 Bc6 40. Qxa7 Nc4 41. Qb8+ Ke7 42. Ng8+ Kd7 43. Nf6+ Ke7 44. Qc7+ Kxf6 45.
Qf4+ Ke7 46. Qxc1 Bd5 47. b3 Ne5 48. Qc7+ Kf6 49. Qd8+ Kf5 50. Qf8+ 1-0

[Event "2.BLN 1617 Hamburger SK - SK Zehlendorf"]
[Site "?"]
[Date "2017.02.19"]
[Round "6.5"]
[White "Brodowski, Piotr"]
[Black "Sehner, Norbert"]
[Result "1-0"]
[WhiteElo "2440"]
[BlackElo "2340"]
[PlyCount "69"]
[EventDate "2017.??.??"]

1. c4 e6 2. g3 d5 3. Bg2 Nf6 4. Nf3 Be7 5. O-O O-O 6. b3 d4 7. e3 Nc6 8. exd4
Nxd4 9. Bb2 Bc5 10. Nc3 Nxf3+ 11. Bxf3 Bd4 12. Rc1 Re8 13. Ba3 e5 14. Ne2 e4
15. Bg2 Bg4 16. h3 Bxe2 17. Qxe2 c5 18. Rc2 Qc7 19. Kh2 h5 20. d3 e3 21. f4 h4
22. g4 g5 23. Kh1 gxf4 24. g5 Nh7 25. Qh5 Re5 26. Re2 Rxg5 27. Qxh4 Be5 28. Be4
f5 29. Bd5+ Kh8 30. Rg2 Rxg2 31. Kxg2 Re8 32. Qh5 Rf8 33. Rg1 Qa5 34. Kh1 Qxa3
35. Qg6 1-0

[Event "2.BLN 1617 Hamburger SK - SK Zehlendorf"]
[Site "?"]
[Date "2017.02.19"]
[Round "6.6"]
[White "Meissner, Felix"]
[Black "Luch, Michal"]
[Result "1/2-1/2"]
[WhiteElo "2289"]
[BlackElo "2404"]
[PlyCount "47"]
[EventDate "2017.??.??"]

1. d4 Nf6 2. Nc3 d5 3. Bg5 Nbd7 4. Qd3 c6 5. Nf3 Qa5 6. Bd2 g6 7. e4 dxe4 8.
Nxe4 Qb6 9. O-O-O Bg7 10. Nxf6+ Nxf6 11. Qa3 Qc7 12. Re1 a5 13. g3 Bg4 14. Bg2
Bxf3 15. Bxf3 e6 16. Bf4 Qd7 17. Be5 Qe7 18. Bd6 Qd7 19. Be5 Qe7 20. Qxe7+ Kxe7
21. c4 Rhd8 22. Kb1 Kf8 23. Rd1 Ne8 24. Kc2 1/2-1/2

[Event "2.BLN 1617 Hamburger SK - SK Zehlendorf"]
[Site "?"]
[Date "2017.02.19"]
[Round "6.7"]
[White "Stachowiak, Kamil"]
[Black "Gruenter, Martin"]
[Result "1-0"]
[WhiteElo "2404"]
[BlackElo "2217"]
[PlyCount "57"]
[EventDate "2017.??.??"]

1. d4 Nf6 2. Nf3 e6 3. g3 c5 4. Bg2 cxd4 5. Nxd4 d5 6. O-O e5 7. Nb3 Be7 8. Bg5
Nbd7 9. Nc3 d4 10. Nb1 a5 11. a4 Qb6 12. Na3 Nc5 13. Nc4 Qc7 14. Bd2 Nce4 15.
Na3 Bd7 16. Nb5 Qb6 17. e3 Nxd2 18. Qxd2 Bxb5 19. axb5 O-O 20. Rxa5 dxe3 21.
Qxe3 Qxe3 22. fxe3 Ng4 23. Rxa8 Rxa8 24. Bxb7 Rb8 25. Bd5 Bf6 26. e4 Rxb5 27.
Ra1 Be7 28. Ra7 Bf8 29. Bxf7+ 1-0

[Event "2.BLN 1617 Hamburger SK - SK Zehlendorf"]
[Site "?"]
[Date "2017.02.19"]
[Round "6.8"]
[White "Doberitz, Paul"]
[Black "Hasic, Mirza"]
[Result "1/2-1/2"]
[WhiteElo "2193"]
[BlackElo "2027"]
[PlyCount "57"]
[EventDate "2017.??.??"]

1. c4 Nf6 2. Nc3 b6 3. e4 e5 4. Nf3 Nc6 5. g3 Be7 6. Bg2 O-O 7. O-O Re8 8. Re1
Bc5 9. h3 a6 10. Na4 d6 11. Nxc5 dxc5 12. a3 Nd4 13. b4 Nxf3+ 14. Qxf3 Qd4 15.
Qc3 Qd6 16. Bb2 Bb7 17. f4 Nd7 18. bxc5 bxc5 19. fxe5 Nxe5 20. Rad1 Qg6 21. Kh2
Rad8 22. d3 Qh6 23. Rf1 f6 24. Bc1 Bc8 25. Bf4 Ng4+ 26. Kg1 Ne5 27. Kh2 Ng4+
28. Kg1 Ne5 29. Kh2 1/2-1/2

[Event "2.BLN 1617 SV Werder Bremen - Rotation"]
[Site "?"]
[Date "2017.02.19"]
[Round "6.1"]
[White "Rietze, Clemens"]
[Black "Meins, Gerlef"]
[Result "1/2-1/2"]
[WhiteElo "2323"]
[BlackElo "2413"]
[PlyCount "196"]
[EventDate "2017.??.??"]

1. d4 Nf6 2. c4 e6 3. Nc3 Bb4 4. e3 b6 5. Nge2 Ba6 6. a3 Bxc3+ 7. Nxc3 d5 8. b3
O-O 9. Be2 dxc4 10. bxc4 Nc6 11. a4 Na5 12. Nb5 c6 13. Na3 c5 14. Nb5 Bb7 15.
O-O a6 16. Na3 Ne4 17. Qd3 Qc7 18. f3 Nd6 19. Bd2 Nc6 20. dxc5 bxc5 21. Rab1
Rab8 22. Rb3 Rfd8 23. Qc2 Ba8 24. Rfb1 Rxb3 25. Rxb3 Rb8 26. Qb1 Rxb3 27. Qxb3
Nb7 28. Bc3 Nba5 29. Qb1 Qd8 30. Bd3 h6 31. Be4 f5 32. Bd3 Nb4 33. Be2 Nac6 34.
Qe1 Bb7 35. Nb1 e5 36. Nd2 Qd6 37. Nb3 Bc8 38. Bb2 Be6 39. Qc3 Kf7 40. f4 Na2
41. Qd3 Ke7 42. Kf2 Qxd3 43. Bxd3 Nab4 44. Be2 Kd6 45. fxe5+ Nxe5 46. Bxe5+
Kxe5 47. Nxc5 Kd6 48. Nb3 Nc6 49. Ke1 Ne5 50. c5+ Kc7 51. Nd4 Bc4 52. Nxf5 Kc6
53. Nxg7 Bxe2 54. Kxe2 Kxc5 55. Nf5 Kb4 56. Nxh6 Kxa4 57. Nf5 Kb5 58. Kd2 Kc6
59. e4 Kd7 60. Nd4 Ke7 61. Nf3 Ng4 62. Kd3 a5 63. h3 Nf6 64. g4 a4 65. Nd2 Ke6
66. Nc4 Nh7 67. h4 Nf6 68. g5 Nh5 69. Kd4 Nf4 70. Kc3 Kf7 71. Ne5+ Ke6 72. Nf3
Ne2+ 73. Kb4 Ng3 74. Nd2 Ke5 75. Kxa4 Nh5 76. Kb3 Kf4 77. Kc4 Kg4 78. Kd4 Kxh4
79. Nf3+ Kg4 80. Ke3 Ng7 81. g6 Ne8 82. Ne5+ Kg5 83. Kd4 Kf6 84. Kd5 Ng7 85.
Kd6 Ne8+ 86. Kd7 Ng7 87. Kd6 Ne8+ 88. Kd5 Ng7 89. Nc4 Kxg6 90. Nd6 Kf6 91. e5+
Ke7 92. Nc8+ Kd7 93. Nb6+ Ke7 94. Nc4 Ne6 95. Ne3 Nf4+ 96. Ke4 Ng6 97. Nf5+ Kd7
98. e6+ Kxe6 1/2-1/2

[Event "2.BLN 1617 SV Werder Bremen - Rotation"]
[Site "?"]
[Date "2017.02.19"]
[Round "6.2"]
[White "Joachim, Sven"]
[Black "Dauth, Benjamin"]
[Result "1/2-1/2"]
[WhiteElo "2405"]
[BlackElo "2318"]
[PlyCount "35"]
[EventDate "2017.??.??"]

1. e4 e5 2. Nf3 Nc6 3. Bb5 Nf6 4. O-O d6 5. d4 exd4 6. Nxd4 Bd7 7. Nc3 Be7 8.
Bxc6 bxc6 9. Qf3 c5 10. Nf5 Bxf5 11. Qxf5 Qd7 12. Qf3 O-O 13. Bg5 Rae8 14. Rae1
Bd8 15. h3 Qc6 16. Nd5 Nxd5 17. exd5 Qa6 18. Bxd8 {(=)} 1/2-1/2